000 01083nam a22002657a 4500
005 20170124103103.0
010 _aB-071658
020 _c150.00
_a8170433363
035 _aB-071658
037 _bCen Lib/Ret
040 _aDPL
_bHN
082 _a921
_bमेहरो
100 _aमेहरोत्रा, एन.सी.
_9143128
245 _aवीर सावरकर /
_cएन.सी. मेहरोत्रा
246 _aVeer savarkar /
_bby N.C. Mehrotra
260 _aदिल्ली
_bआत्माराम एंड संस
_c2002
270 _aकश्मीरी गेट
_bदिल्ली
_e110006
300 _a183पृ.
_c19सेमी(सजिल्द)
500 _aसन्दर्भ सूची भी शामिल
650 _aराजनेता--जीवनी--भारत
_9143129
650 _aक्रांतिकारियों
_94367
650 _aPoliticians - Biography - India
_9143130
650 _aRevolutionaries
_928165
942 _2ddc
_cHN
_h921
_mमेहरो
999 _c117908
_d117908